Statistics for Chicago fire

Click here to take the quiz!

General Stats

  • This quiz has been taken 110 times
  • The average score is 11 of 14

Answer Stats

HintAnswer% Correct
the cheifBoden
91%
who runs squad 3Severide
89%
RussianOtis
86%
the only gay oneShay
86%
half man have couchMouch
85%
who runs truck 81casey
83%
who runs mollysHerrmann
82%
The best cookMills
82%
one of the paramedicsBrett
78%
who dated a lieutenantDawson
78%
who is the crazy oneCapp
75%
who has the weirdest nameChilton
63%
who also dated a lieutenantKidd
61%
who drives truck 81Cruz
52%

Score Distribution

Percentile by Number Answered

Percent of People with Each Score

Your Score History

You have not taken this quiz